000
00306nam a2200121Ia 4500
008
231129s2000||||xx |||||||||||||| ||spa||
040
_b
spa
082
_a
923.1 E59
245
0
_a
Ensayos políticos acerca de Simón Bolívar
260
_c
2000
264
_a
Ediciones Anfictiónicas
942
_2
ddc
_c
BKS
999
_c
13147
_d
13147